| 000 | 00620nam a2200193Ia 4500 | ||
|---|---|---|---|
| 003 | GCL | ||
| 008 | 140319s9999 xx 000 0 ara d | ||
| 040 |
_aGCL / _cGCL |
||
| 082 | 0 | 4 |
_a301.154 _bا ر |
| 100 | 1 | _aاسماعيل على سعد | |
| 245 | 1 | 0 |
_aالراى العام بين القوة والايديولوجية / _cاسماعيل على سعد |
| 300 | _a239 ص | ||
| 490 |
_aفى السياسة والمجتمع _v0 |
||
| 650 | 0 | 4 | _aالراى العام |
| 650 | 0 | 4 | _aالحركات الاجتماعية |
| 650 | 0 | 4 | _aالاجتماع، علم |
| 650 | 0 | 4 | _aالايديولوجيا |
| 942 |
_2ddc _cBK |
||
| 999 |
_c46003 _d46003 |
||